书目信息 |
| 题名: |
思考的痕迹
|
|
| 作者: | 杨耕 著 | |
| 分册: | 下 重读马克思的记忆与思考 | |
| 出版信息: | 成都 四川人民出版社 2022.01 |
|
| 页数: | 338-863页 | |
| 开本: | 23cm | |
| 丛书名: | ||
| 单 册: | ||
| 中图分类: | A81-53 | |
| 科图分类: | ||
| 主题词: | 马克思主义理论--ma ke si zhu yi li lun--文集 | |
| 电子资源: | ||
| ISBN: | 978-7-220-12102-9 | |
| 000 | 00928nam0 2200217 450 | |
| 001 | 011025154614 | |
| 005 | 20221025154614.0 | |
| 010 | @a978-7-220-12102-9@b精装@dCNY124.00 | |
| 100 | @a20201004d2022 em y0chiy0120 ea | |
| 101 | 0 | @achi |
| 102 | @aCN@b510000 | |
| 105 | @ay z 000yy | |
| 106 | @ar | |
| 200 | 1 | @a思考的痕迹@Asi kao de hen ji@h下@i重读马克思的记忆与思考@f杨耕著 |
| 210 | @a成都@c四川人民出版社@d2022.01 | |
| 215 | @a338-863页@d23cm | |
| 330 | @a本书是作者在马克思主义研究领域的理论成果汇编而成的文集,分为上下卷。收录的每篇文章都经过作者的精心选编,集中反映了近40年来作者研究马克思主义哲学的心路历程及思想演变,展现了不同时期作者所关注的不同问题以及代表性观点。从形式上看,这部著作是一本论文集;从内容上看,这是一部具有内在的逻辑关联的学术专著。 | |
| 606 | 0 | @a马克思主义理论@Ama ke si zhu yi li lun@j文集 |
| 690 | @aA81-53@v5 | |
| 701 | 0 | @a杨耕@Ayang geng@4著 |
| 905 | @a河南城建学院图书馆@dA81-53@eY1821 | |
| 思考的痕迹.下.重读马克思的记忆与思考/杨耕著.-成都:四川人民出版社,2022.01 |
| 338-863页;23cm |
| ISBN 978-7-220-12102-9(精装):CNY124.00 |
| 本书是作者在马克思主义研究领域的理论成果汇编而成的文集,分为上下卷。收录的每篇文章都经过作者的精心选编,集中反映了近40年来作者研究马克思主义哲学的心路历程及思想演变,展现了不同时期作者所关注的不同问题以及代表性观点。从形式上看,这部著作是一本论文集;从内容上看,这是一部具有内在的逻辑关联的学术专著。 |
| ● |
| 相关链接 |
|
|
|
正题名:思考的痕迹
索取号:A81-53/Y1821
 
预约/预借
| 序号 | 登录号 | 条形码 | 馆藏地/架位号 | 状态 | 备注 |
| 1 | 1590983 | 215909836 | 社科库509/509社科库 4排1列3层/ [索取号:A81-53/Y1821] | 在馆 |